Wildlife conservation society : (Record no. 336123)
[ view plain ]
| 000 -LEADER | |
|---|---|
| fixed length control field | 00496nam a2200193Ia 4500 |
| 008 - FIXED-LENGTH DATA ELEMENTS--GENERAL INFORMATION | |
| fixed length control field | 170705s9999 xx 000 0 und d |
| 020 ## - INTERNATIONAL STANDARD BOOK NUMBER | |
| International Standard Book Number | 9780439866682 |
| 245 ## - TITLE STATEMENT | |
| Title | Wildlife conservation society : |
| 245 ## - TITLE STATEMENT | |
| Remainder of title | amazing gorillas! / |
| 245 ## - TITLE STATEMENT | |
| Statement of responsibility, etc | Sarah L. Thomson. |
| 260 ## - PUBLICATION, DISTRIBUTION, ETC. (IMPRINT) | |
| Place of publication, distribution, etc | New York : |
| 260 ## - PUBLICATION, DISTRIBUTION, ETC. (IMPRINT) | |
| Name of publisher, distributor, etc | Scholastic, |
| 260 ## - PUBLICATION, DISTRIBUTION, ETC. (IMPRINT) | |
| Date of publication, distribution, etc | 2005 |
| 300 ## - PHYSICAL DESCRIPTION | |
| Extent | 32 pages : |
| 300 ## - PHYSICAL DESCRIPTION | |
| Other physical details | color illustration ; |
| 300 ## - PHYSICAL DESCRIPTION | |
| Dimensions | 22cm. |
| 440 ## - SERIES STATEMENT/ADDED ENTRY--TITLE | |
| Title | An I can read book reading with help 2. |
| 500 ## - GENERAL NOTE | |
| General note | 670 |
No items available.